<?xml version="1.0" encoding="UTF-8"?>
<collection xmlns="http://www.loc.gov/MARC21/slim">
 <record>
  <leader>01104nam a2200193 a 4500</leader>
  <controlfield tag="001">1/21252</controlfield>
  <controlfield tag="008">970416s1971    gr            00000 gre d</controlfield>
  <datafield tag="035" ind1=" " ind2=" ">
   <subfield code="l">21877</subfield>
  </datafield>
  <datafield tag="040" ind1=" " ind2=" ">
   <subfield code="a">GR-PeUP</subfield>
  </datafield>
  <datafield tag="082" ind1="0" ind2="0">
   <subfield code="a">658.834'2 FU ΜΤΦ</subfield>
  </datafield>
  <datafield tag="100" ind1="1" ind2=" ">
   <subfield code="a">Fustier, Michel.</subfield>
  </datafield>
  <datafield tag="245" ind1="1" ind2="2">
   <subfield code="a">Η Μελέτη της ψυχολογίας του καταναλωτή /</subfield>
   <subfield code="c">Michel Fustier.</subfield>
  </datafield>
  <datafield tag="260" ind1=" " ind2=" ">
   <subfield code="a">Αθήνα :</subfield>
   <subfield code="b">Πάμισος,</subfield>
   <subfield code="c">1971.</subfield>
  </datafield>
  <datafield tag="300" ind1=" " ind2=" ">
   <subfield code="a">132σ. ;</subfield>
   <subfield code="c">21εκ.</subfield>
  </datafield>
  <datafield tag="490" ind1="1" ind2=" ">
   <subfield code="a">Εγκυκλοπαίδεια της Επιχειρήσεως. Συλλογή Εκλεκτών Βιβλίων Ιδιωτικής Οικονομίας και Οργανώσεως Επιχειρήσεων ;</subfield>
  </datafield>
  <datafield tag="650" ind1=" " ind2="4">
   <subfield code="a">Καταναλωτές.</subfield>
  </datafield>
  <datafield tag="650" ind1=" " ind2="4">
   <subfield code="a">Καταναλωτές</subfield>
   <subfield code="x">Ψυχολογία.</subfield>
  </datafield>
  <datafield tag="830" ind1=" " ind2=" ">
   <subfield code="a">Εγκυκλοπαίδεια της Επιχειρήσεως. Συλλογή Εκλεκτών Βιβλίων Ιδιωτικής Οικονομίας και Οργανώσεως Επιχειρήσεων ;</subfield>
   <subfield code="v">38.</subfield>
  </datafield>
  <datafield tag="852" ind1=" " ind2=" ">
   <subfield code="a">INST</subfield>
   <subfield code="b">UNIPILB</subfield>
   <subfield code="c">MAIN</subfield>
   <subfield code="e">20040709</subfield>
   <subfield code="h">658.834'2 FU ΜΤΦ</subfield>
   <subfield code="p">00119498</subfield>
   <subfield code="q">00119498</subfield>
   <subfield code="t">LOAN</subfield>
   <subfield code="y">0</subfield>
   <subfield code="4">1</subfield>
  </datafield>
 </record>
</collection>
